000 00646nam a2200217Ii 4500
003 JO-AjNU
008 230606s9999||||xx |||||||||||||| ||und||
020 _a0-13-205923-1
040 _aJO-AjNU
_beng
_erda
_cJO-AjNU
041 _aeng
050 1 4 _aHF5657.4 .W535 1996
100 3 _aWilliamson,Duncan,
_eauthor
_93257
245 0 0 _aCost and Management Accounting
250 _a1 ed
264 3 1 _aLondon: Prentice-Hall , 1996
300 _a770p
_bIncludes appendix indexes(p749-770)
336 _atext
_btxt
_2rdacontent
337 _aunmediated
_bn
_2rdamedia
338 _avolume
_bnc
_2rdacarrier
650 4 _aManagerial Accounting
_93258
999 _aE1704
_c1704
_d1704